K disciplíne, kondícii, streľbe (niekoľko myšlienok a poznámok k svetovému šampionátu 1974 v ľadovom hokeji v Helsinkách)

Bibliographic Details
Main Author: Horský, Ladislav, 1927-1983 (Author)
Format: Article
Language:Slovak
Subjects:

MARC

LEADER 00000nab a2200000 ar4500
001 vtls009154140
003 SK-MaSNL
005 20260303064040.0
008 070713c1974 xo wr|||||||||000 b|slo
015 |a SNBRB2007/10  |2 snkbucl 
038 |a SNKBUCL 
040 |a SNKBUCL  |b slo  |c SNKBUCL  |e AACR2 
041 0 |a slo 
044 |a xo  |c SK 
080 |a 796.966.093.1  |x (100)  |2 2001 
100 1 |a Horský, Ladislav,  |d 1927-1983  |4 aut  |9 38641 
245 1 0 |a K disciplíne, kondícii, streľbe  |b (niekoľko myšlienok a poznámok k svetovému šampionátu 1974 v ľadovom hokeji v Helsinkách)  |c Ladislav Horský 
611 2 7 |a Svetový šampionát v ľadovom hokeji  |d (1974 :  |c Helsinky, Fínsko))  |2 snkbucl  |9 1062140 
650 0 7 |a ľadový hokej  |2 snkbucl  |9 3231 
773 0 |t Tip  |g Roč. 6, č. 19 (1974), s. 2 
852 |a SNK  |b KIS3GCP 
999 |c 1745520  |d 1747450